[Event "RCCA-Jub10 A corr"]
[Site "RCCA email"]
[Date "2003.06.01"]
[Round "?"]
[White "Balabaev, Farit Gasisovich"]
[Black "Soberano, Joaquim Pedro"]
[Result "1/2-1/2"]
[WhiteElo "2648"]
[BlackElo "2578"]
[PlyCount "66"]
[EventDate "2003.06.01"]
[EventType "tourn (corr)"]
[EventRounds "12"]
[EventCountry "RUS"]
[SourceTitle "Corr 2008"]
[Source "ChessBase"]
[SourceDate "2008.06.24"]
[SourceVersion "1"]
[SourceVersionDate "2008.06.24"]
[SourceQuality "1"]

1. e4 e5 2. Nf3 Nf6 3. Nxe5 d6 4. Nf3 Nxe4 5. d4 d5 6. Bd3 Bd6 7. 0-0 0-0 8. Re1 Bf5 9. c4 c6 10. Qc2 Bg6 11. c5 Bc7 12. Nc3 Nf6 13. Bg5 Nbd7 14. Ne5 Bxd3 15. Qxd3 Qc8 16. f4 Ba5 17. Qg3 Kh8 18. Nxd7 Nxd7 19. a3 Bd8 20. Be7 Rg8 21. Re3 b6 22. b4 a5 23. Rae1 Nf6 24. Bxd8 Qxd8 25. f5 axb4 26. axb4 bxc5 27. bxc5 Qa5 28. h3 Qb4 29. Qf4 Ra3 30. Rb1 Rb3 31. Rxb3 Qxb3 32. Qc7 Qb4 33. Ne2 Qe1+ 1/2-1/2

[Event "RCCA-Jub10 A corr"]
[Site "RCCA email"]
[Date "2003.06.01"]
[Round "?"]
[White "Grodzensky, Sergey Yakovlevich"]
[Black "Soberano, Joaquim Pedro"]
[Result "0-1"]
[WhiteElo "2490"]
[BlackElo "2578"]
[PlyCount "106"]
[EventDate "2003.06.01"]
[EventType "tourn (corr)"]
[EventRounds "12"]
[EventCountry "RUS"]
[SourceTitle "Telechess CBM 120"]
[Source "ChessBase"]
[SourceDate "2007.10.02"]
[SourceVersion "1"]
[SourceVersionDate "2007.10.02"]
[SourceQuality "1"]

1. e4 c5 2. Nf3 e6 3. d4 cxd4 4. Nxd4 Nc6 5. Nc3 a6 6. Be3 Qc7 7. Be2 Nf6 8. 0-0 Bb4 9. Na4 Be7 10. Nxc6 bxc6 11. Nb6 Rb8 12. Nxc8 Qxc8 13. e5 Nd5 14. Bc1 Bc5 15. c4 Ne7 16. b3 Qc7 17. Bb2 d6 18. exd6 Bxd6 19. g3 Be5 20. Bxe5 Qxe5 21. Bf3 c5 22. Re1 Qc7 23. Be4 0-0 24. Qc2 h6 25. Rad1 Rfd8 26. Qc3 Kf8 27. f4 Kg8 28. Qe5 Qa5 29. Rf1 Qxa2 30. Rd7 Nf5 31. Bxf5 exf5 32. Rfd1 Re8 33. Qxf5 Rf8 34. Qxc5 Qxb3 35. Qd5 Rb4 36. Rd8 Rxd8 37. Qxd8+ Kh7 38. Qd3+ Qxd3 39. Rxd3 Rxc4 40. Rd6 a5 41. Ra6 Ra4 42. Kf2 g6 43. h4 Kg7 44. f5 gxf5 45. Kf3 h5 46. Rc6 f6 47. Rc1 Ra3+ 48. Kf4 a4 49. Rc8 Ra1 50. Kxf5 a3 51. Rc2 Rf1+ 52. Ke4 Re1+ 53. Kf3 Re7 0-1

[Event "RCCA-Jub10 A corr"]
[Site "RCCA email"]
[Date "2003.06.01"]
[Round "?"]
[White "Muzyka, Nikolai Avraamovich"]
[Black "Soberano, Joaquim Pedro"]
[Result "1/2-1/2"]
[WhiteElo "2525"]
[BlackElo "2578"]
[PlyCount "83"]
[EventDate "2003.06.01"]
[EventType "tourn (corr)"]
[EventRounds "12"]
[EventCountry "RUS"]
[SourceTitle "Corr 2008"]
[Source "ChessBase"]
[SourceDate "2008.06.24"]
[SourceVersion "1"]
[SourceVersionDate "2008.06.24"]
[SourceQuality "1"]

1. e4 c5 2. Nf3 Nc6 3. d4 cxd4 4. Nxd4 Nf6 5. Nc3 d6 6. Bg5 e6 7. Qd2 a6 8. 0-0-0 Bd7 9. f4 b5 10. Bxf6 gxf6 11. Kb1 Qb6 12. Nxc6 Bxc6 13. f5 Qc5 14. Bd3 h5 15. Qe2 Kd7 16. Qf3 Be7 17. Rhe1 Rag8 18. g3 Rg5 19. Qf1 h4 20. Qh3 Rgh5 21. g4 Rg5 22. Ne2 Rhg8 23. Rg1 a5 24. Qxh4 a4 25. h3 a3 26. b3 b4 27. Qg3 Bd8 28. Qf4 Rh8 29. Rg3 Ke7 30. Ba6 Qe5 31. Rd4 Kd7 32. Rgd3 Qxf4 33. Nxf4 Bc7 34. Nd5 Bxd5 35. exd5 exf5 36. Rd1 Rxh3 37. gxf5 Ba5 38. Re4 Rhg3 39. Bb5+ Kc8 40. Re8+ Bd8 41. Bd3 Rg8 42. Re4 1/2-1/2

[Event "RCCA-Jub10 A corr"]
[Site "RCCA email"]
[Date "2003.06.01"]
[Round "?"]
[White "Soberano, Joaquim Pedro"]
[Black "Voss, Maximilian"]
[Result "1/2-1/2"]
[WhiteElo "2578"]
[BlackElo "2608"]
[PlyCount "53"]
[EventDate "2003.06.01"]
[EventType "tourn (corr)"]
[EventRounds "12"]
[EventCountry "RUS"]
[SourceTitle "Corr 2008"]
[Source "ChessBase"]
[SourceDate "2008.06.24"]
[SourceVersion "1"]
[SourceVersionDate "2008.06.24"]
[SourceQuality "1"]

1. e4 e5 2. Nf3 Nc6 3. Bc4 Bc5 4. b4 Bxb4 5. c3 Be7 6. d4 Na5 7. Be2 exd4 8. Qxd4 d6 9. Qxg7 Bf6 10. Qg3 Ne7 11. Bg5 Ng6 12. 0-0 Bxg5 13. Nxg5 h6 14. Nf3 Qf6 15. Nbd2 Nf4 16. Rfe1 Kf8 17. Qh4 Qxh4 18. Nxh4 Nxe2+ 19. Rxe2 Be6 20. f4 Re8 21. Nhf3 Nc4 22. Rae1 Nxd2 23. Rxd2 f6 24. e5 fxe5 25. fxe5 dxe5 26. Rde2 Bc8 27. Nxe5 1/2-1/2